Nádasdy Ferenc könyvtára

Lassan két évtized telt el Monok István a Rákóczi család könyvtárai históriáját összefoglaló kötetének megjelenése óta, amely a Kárpát-medence kora újkori bibliotékáit bemutató szegedi, majd később szegedi-budapesti könyvtörténeti sorozat nyitó darabja lett. E sorozat immár nyolcadik – igen vaskos –...

Teljes leírás

Elmentve itt :
Bibliográfiai részletek
Szerző: Farkas Gábor Farkas
Dokumentumtípus: Cikk
Megjelent: 2015
Sorozat:Iskolakultúra 25 No. 9
Online Access:http://misc.bibl.u-szeged.hu/41745
LEADER 01092nab a2200181 i 4500
001 misc41745
005 20191106140435.0
008 180706s2015 hu o 0|| zxx d
022 |a 1215-5233 
040 |a SZTE Miscellanea Repozitórium  |b hun 
041 |a zxx 
100 1 |a Farkas Gábor Farkas 
245 1 0 |a Nádasdy Ferenc könyvtára  |h [elektronikus dokumentum] /  |c  Farkas Gábor Farkas 
260 |c 2015 
300 |a 124-128 
490 0 |a Iskolakultúra  |v 25 No. 9 
520 3 |a Lassan két évtized telt el Monok István a Rákóczi család könyvtárai históriáját összefoglaló kötetének megjelenése óta, amely a Kárpát-medence kora újkori bibliotékáit bemutató szegedi, majd később szegedi-budapesti könyvtörténeti sorozat nyitó darabja lett. E sorozat immár nyolcadik – igen vaskos – monográfiája Nádasdy Ferenc országbíró könyves műveltségéről ad páratlan mélységű elemzést, amely nem kevesebb, mint egy évtizedes kutatás eredményét tükrözi. 
856 4 0 |u http://misc.bibl.u-szeged.hu/41745/1/EPA00011_iskolakultura_2015_09_12.pdf  |z Dokumentum-elérés